Sports Quiz

Random Sports or University Quiz
Score 0/69 Timer 07:00
1 Play Today
Initial Answer box % Correct
LSUState
96.8%
LSULouisiana
95%
BYUYoung
95%
TCUTexas
94.9%
UCFFlorida
94.9%
FAUFlorida
94.8%
UTEPTexas (at)
94.3%
UTSATexas (at)
93.7%
UTRGVTexas
93.7%
UCLACalifornia
93.5%
UCLALos
93.1%
ECUEast
92.2%
UCLAAngeles
92.1%
UCFCentral
92%
SMUSouthern
91.6%
UNLVLas
90.4%
UNLVVegas
90.3%
SIUESouthern
90.2%
VCUVirginia
89.3%
SFAF. (Fuller)
89.1%
BYUBrigham
88.9%
VMIVirginia
88.6%
TCUChristian
88.4%
UNLVNevada
87.6%
URIIsland
86.6%
URIRhode
86.6%
UABAlabama (at)
86.5%
NJITNew
86%
NJITJersey
85.7%
NJITInstitute (of)
84.7%
VMIInstitute
84.5%
ECUCarolina
84.3%
UNINorthern
83.3%
UABBirmingham
82%
UTSASan
81.5%
Initial Answer box % Correct
NJITTechnology
81.2%
IUPUIIndiana
80.2%
UTSAAntonio
79.6%
FAUAtlantic
79.4%
UICIllinois (at)
79.4%
SMUMethodist
79.2%
SIUEIllinois
78.9%
IPFWIndiana (University)
78.8%
UTEPEl
77.7%
UTEPPaso
77.6%
UNIIowa
75.4%
VCUCommonwealth
74.6%
UMKCKansas
70.6%
UMKCMissouri
68.5%
UMKCCity
67.4%
VMIMilitary
62.4%
UICChicago
60.7%
UMBCMaryland
60%
UMESMaryland
59%
IUPUIPurdue
55.5%
IPFWPurdue (University)
54.6%
IPFWFort
54.6%
SFAAustin
52.4%
UMESEastern
52.1%
UMBCBaltimore
48.7%
SFAStephen
47.8%
IPFWWayne
47.7%
UTRGVValley
46.6%
IUPUIIndianapolis
44.8%
UMBCCounty
39.4%
UTRGVRio
31.6%
UMESShore
31.3%
UTRGVGrande
30.4%
SIUEEdwardsville
19.8%
Remove Ads.
Support Sporcle.
Get the best of Sporcle when you Go Orange. This ad-free experience offers more features, more stats, and more fun while also helping to support Sporcle. Thank you for becoming a member.

You're not logged in!

Compare scores with friends on all Sporcle quizzes.
OR
Log In

Sporcle TV

Today on Sporcle TV


Watch our educational content, quiz creation guides, and fun videos on Sporcle TV.

Show Comments

Extras

Top Quizzes Today


Score Distribution

Paid Content

Your Account Isn't Verified!

In order to create a playlist on Sporcle, you need to verify the email address you used during registration. Go to your Sporcle Settings to finish the process.

Report this User

Report this user for behavior that violates our Community Guidelines.

Details: